Konjunkturní situace ve Španělsku, Portugalsku a Řecku

Saved in:
Bibliographic Details
Format: Book
Language:Czech
Published: Praha Výzkumný ústav vnějších ekonomických vztahů 1991
Tags: Add Tag
No Tags, Be the first to tag this record!

MARC

LEADER 00000nam a2200000 4500
001 c022864
005 20250526074741.7
041 0 |a cze 
044 |a CZ 
245 1 0 |a Konjunkturní situace ve Španělsku, Portugalsku a Řecku 
264 1 |a Praha  |b Výzkumný ústav vnějších ekonomických vztahů  |c 1991 
300 |a 50 s.